00633nam a22002177a 4500003001100000005001700011008004100028020001500069040003900084041000800123082001500131100001700146245002500163260003200188300002800220650002700248700002800275942000700303952009000310999001500400LK-CoMWRAF20231014235650.0231014b |||||||| |||| 00| 0 eng d a0246110147 aLK-CoMWRAFdLK-CoMWRAFeLK-CoMWRAF aeng a792.9bFRA aFraser, John aThe Bard in the bush aLondon : bGranada, c1978. a 176 p. : ill. ; 23 cm. aStage Drama in English aLohkamp, Magnus eills. cBK 00104070aMAINbMAINd2023-10-14l0o792.9 FRApRAF2255r2023-10-14w2023-10-14yBK c3878d3878